Luật hình sự (phần các tội phạm) : Đề cương bài giảng /
Guardado en:
| Autor principal: | |
|---|---|
| Formato: | Sách giấy |
| Lenguaje: | Vietnamese |
| Publicado: |
TP.HCM :
Đại học Tổng hợp ,
1995
|
| Etiquetas: |
Agregar Etiqueta
Sin Etiquetas, Sea el primero en etiquetar este registro!
|
| Thư viện lưu trữ: | Thư viện Trường Đại học Đà Lạt |
|---|
| LEADER | 00629nam a2200253 4500 | ||
|---|---|---|---|
| 001 | DLU020012203 | ||
| 005 | ##5/23/2000 | ||
| 020 | # | # | |a 978- |
| 041 | # | # | |a vie |
| 082 | # | # | |a 345.02 |b TR-H |
| 090 | # | # | |a 345.02 |b TR-H |
| 100 | # | # | |a Trần Hà |
| 245 | # | # | |a Luật hình sự (phần các tội phạm) : |b Đề cương bài giảng / |c Trần Hà |
| 260 | # | # | |a TP.HCM : |b Đại học Tổng hợp , |c 1995 |
| 300 | # | # | |a 432 tr.; |c 20.5 cm. |
| 992 | # | # | |a 25000 |
| 994 | # | # | |a DLU |
| 900 | # | # | |a False |
| 911 | # | # | |a Administrator |
| 925 | # | # | |a G |
| 926 | # | # | |a A |
| 927 | # | # | |a SH |
| 980 | # | # | |a Thư viện Trường Đại học Đà Lạt |